000 00462nam a2200157Ia 4500
008 240729s9999 xx 000 0 und d
022 _a2972-0370
245 0 _aRomanian Journal of Petroleum & Gas Technology
260 _aRomania
260 _bPetroleum-Gas University of Ploiesti
650 _a Technology (General) | Science
650 _aTechnology
856 _uhttps://doaj.org/toc/11d7ae2d6dfa4353a31ab3224e7ba2f6
942 _2ddc
942 _cDOAJEJ
999 _c68469
_d68469
945 _a1
_bMadushi Gamage
_c1
_dMadushi Gamage